Архимадрит Антонин (Капустин) и Синайская Библия // Синайский кодекс и памятники древней христианской письменности: традиции и инновации в современных исследованиях. - С. 23-30 (Запись № 10193603)
[ простой вид ]
| 000 -МАРКЕР | |
|---|---|
| контрольное поле | 01912naa2a2200193 4500 |
| 001 - ИДЕНТИФИКАТОР ЗАПИСИ | |
| контрольное поле | RU\NLR\BIBL_A\010808572 |
| 005 - ИДЕНТИФИКАТОР ВЕРСИИ | |
| контрольное поле | 20240728194615.0 |
| 035 ## - ДРУГИЕ СИСТЕМНЫЕ НОМЕРА | |
| Идентификатор записи | (NLR Aleph) 010808572 |
| 100 ## - ДАННЫЕ ОБЩЕЙ ОБРАБОТКИ | |
| Данные общей обработки | 20150727d2012 u y0rusy50 ca |
| 101 0# - ЯЗЫК РЕСУРСА | |
| Язык текста, звукозаписи и т.д. | русский |
| -- | английский |
| Язык оглавления | английский |
| 102 ## - СТРАНА ПУБЛИКАЦИИ ИЛИ ПРОИЗВОДСТВА | |
| Страна публикации | российская федерация |
| 105 ## - ПОЛЕ КОДИРОВАННЫХ ДАННЫХ: ТЕКСТОВЫЕ МАТЕРИАЛЫ, МОНОГРАФИЧЕСКИЕ | |
| Кодированные данные о монографическом текстовом документе | y z 000 y |
| 200 1# - ЗАГЛАВИЕ И СВЕДЕНИЯ ОБ ОТВЕТСТВЕННОСТИ | |
| Основное заглавие | Архимадрит Антонин (Капустин) и Синайская Библия |
| 210 ## - ПУБЛИКАЦИЯ, РАСПРОСТРАНЕНИЕ И ДР. | |
| Дата издания, распространения и т.д. | 2012 |
| 463 #0 - УРОВЕНЬ ФИЗИЧЕСКОЙ ЕДИНИЦЫ | |
| Встроенное поле | 001RU\NLR\BIBL_A\010808534 |
| -- | 2001#$aСинайский кодекс и памятники древней христианской письменности: традиции и инновации в современных исследованиях$vС. 23-30 |
| Системный номер (АБИС) связанной записи | 10193442 |
| Автор | (Пятые Загреб. чтения), Санкт-Петербург, 12-13 ноября 2009 г. |
| Место публикации | Санкт-Петербург |
| Дата публикации | 2012 |
| Параллельное заглавие | Codex Sinaiticus and old manuscripts of early christian writting: traditions and innovations in modern research |
| Имя издателя, распространителя и т.д. | Российская национальная библиотека |
| Сведения, относящиеся к заглавию | труды Международной научной конференции "Синайский кодекс. Рукопись в современном информационном пространстве", Санкт-Петербург, [и материалы выставки "Синайский кодекс и рукописи Синая в фондах Российской национальной библиотеки" и Форум, проходивших в рамках Загребинских чтений] |
| Физическая характеристика | 260 с. |
| Заглавие | Синайский кодекс и памятники древней христианской письменности: традиции и инновации в современных исследованиях |
| ISBN | 9785819204283 |
| Номер тома | С. 23-30 |
| 700 #1 - ИМЯ ЛИЦА - ПЕРВИЧНАЯ ОТВЕТСТВЕННОСТЬ | |
| Начальный элемент ввода | Вах |
| Часть имени, кроме начального элемента ввода | К.А. |
| Расширение инициалов личного имени | Кирилл Алексеевич |
| Код отношения | Автор |
| 942 ## - ДОПОЛНИТЕЛЬНЫЕ ЭЛЕМЕНТЫ ЗАПИСИ (АБИС) | |
| Тип экземпляра АБИС | Книга |
Нет доступных экземпляров.